Länder ohne Schlangen - Statistiken

Allgemein
  • Dieses Quiz wurde 453 mal gespielt
    380 seit der letzten Aktualisierung
  • Das Durchschnittsergebnis liegt bei 4 aus 9
Antwortstatistiken
Keine Schlangen % Korrekt
Island
89%
Irland
65%
Neuseeland
59%
Nauru
39%
Tuvalu
37%
Vatikanstadt
36%
Kiribati
33%
Marshallinseln
28%
Kap Verde
19%
Keine übereinstimmenden Quizze gefunden
Verteilung der Resultate
Anzahl Personen mit jedem Resultat
Perzentil nach korrekt beantworteten Fragen
Ihre Resultats-Entwicklung
Sie haben dieses Quiz seit der letzten Aktualisierung nicht gespielt